Misiones y documentación de cancillerías extranjeras / (Record no. 8430)

000 -CABECERA
fixed length control field 00887nam a22002297a 4500
003 - IDENTIFICADOR DEL NÚMERO DE CONTROL
control field AR-CdUCM
008 - DATOS DE LONGITUD FIJA--INFORMACIÓN GENERAL
fixed length control field 190325b ||||| |||| 00| 0 spa d
040 ## - FUENTE DE LA CATALOGACIÓN
Agencia/entidad que catalogó originalmente la obra MUNICIPALIDAD PROVINCIAL DEL CUSCO
Entidad que transcribió la catalogación BIBLIOTECA MUNICIPAL DEL CUSCO
082 ## - NÚMERO DE LA CLASIFICACIÓN DECIMAL DEWEY
No. de Clasificación 985.008 /
Notacion interna C73
110 ## - ENTRADA PRINCIPAL--NOMBRE DE ENTIDAD CORPORATIVA
Nombre de la institución, jurisdicción como entrada principal Comisión nacional del sesquicentenario de la independencia del Perú
9 (RLIN) 21855
245 ## - MENCIÓN DE TÍTULO
Título Misiones y documentación de cancillerías extranjeras /
260 ## - PUBLICACIÓN, DISTRIBUCIÓN, ETC.
Lugar de publicación, distribución, etc. Lima :
Nombre de la editorial, distribuidor, etc. Comisión nacional del sesquicentenario de la independencia del Perú,
Fecha de publicación, distribución, etc. 1976.
300 ## - DESCRIPCIÓN FÍSICA
Nº de Páginas Extensión 377 páginas ;
Dimensiones 24 cm.
440 ## - MENCIÓN DE SERIE/PUNTO DE ACCESO ADICIONAL--TÍTULO
Título Colección documental de la independencia del Perú
9 (RLIN) 21856
650 ## - PUNTO DE ACCESO ADICIONAL DE MATERIA--TÉRMINO DE MATERIA
Descriptor Colección.
9 (RLIN) 2826
650 ## - PUNTO DE ACCESO ADICIONAL DE MATERIA--TÉRMINO DE MATERIA
Descriptor Independencia.
9 (RLIN) 625
650 ## - PUNTO DE ACCESO ADICIONAL DE MATERIA--TÉRMINO DE MATERIA
Descriptor Revolución.
9 (RLIN) 844
650 ## - PUNTO DE ACCESO ADICIONAL DE MATERIA--TÉRMINO DE MATERIA
Descriptor Cancillería extranjera.
9 (RLIN) 23661
700 ## - PUNTO DE ACCESO ADICIONAL--NOMBRE DE PERSONA
Nombre Personal Nenegri Luna, Felix (Edición y prologo)
9 (RLIN) 23662
942 ## - ELEMENTOS DE PUNTO DE ACCESO ADICIONAL (KOHA)
Fuente de clasificación
Tipo de item Libros-BMC
945 ## - PROCESAMIENTO DE INFORMACIÓN LOCAL (OCLC)
Catalogador wfj
Holdings
Estado de retiro (separado) Fuente de clasificación o esquema de estanterías Estado dañado Ubicación Sala donde se ubica Nombre de la colección Fecha de adquisición o compra Costo, precio normal en soles Signatura topográfica Código de Barras Última vez visto (Koha) Tipo de ítem (Koha)
No     Sala Humanidades Sala Humanidades Reference 2019-03-25 120.00 985.008 / C73 /t.12 SH0000009181 2019-03-25 Libros-BMC
No     Sala Humanidades Sala Humanidades Reference 2019-03-25 120.00 985.008 / C73 /t.12 /e.2 SH0000009182 2019-03-25 Libros-BMC
No     Sala Humanidades Sala Humanidades Reference 2019-03-25 120.00 985.008 / C73 /t.12 /e.3 SH0000009183 2019-03-25 Libros-BMC

Powered by Koha